000 00826nam a2200241Ia 4500
003 OSt
005 20220926002609.0
006 a|||||r|||| 00| 0
007 ta
008 220923b |||||||| |||| 00| 0 eng d
037 _cGeneral Book
040 _aRTL
_cRTL
_beng
041 _2eng
_aeng
082 _aX9(J):6.2.N7, L4/TD3
110 _aNational Council of Applied Economic Research (New Delhi India)
_9299618
245 0 _aCredit requirements for agriculture
260 _a New Delhi
_bNational Council of Applied Economic Research India
_c1974
300 _axii, 121p. Appendix p 118-21
_ccm.
650 _aAgriculture Industry
700 _aNational Council of Applied Economic Research (New Delhi India)
_9299619
942 _hX9(J):6.2.N7, L4/TD3
_cGB
_2CC
999 _c605508
_d605508